The writings of the New Testament : (Record no. 54507)

MARC details
000 -LEADER
fixed length control field 01086cam a22003014a 4500
001 - CONTROL NUMBER
control field 1201180
003 - CONTROL NUMBER IDENTIFIER
control field OSt
005 - DATE AND TIME OF LATEST TRANSACTION
control field 20190730150615.0
008 - FIXED-LENGTH DATA ELEMENTS--GENERAL INFORMATION
fixed length control field 981210s1999 mnuab b 001 0 eng
010 ## - LIBRARY OF CONGRESS CONTROL NUMBER
LC control number 98053815
020 ## - INTERNATIONAL STANDARD BOOK NUMBER
International Standard Book Number 0800630726 (pbk. : alk. paper)
040 ## - CATALOGING SOURCE
Original cataloging agency DLC
Transcribing agency DLC
Modifying agency DLC
042 ## - AUTHENTICATION CODE
Authentication code pcc
050 00 - LIBRARY OF CONGRESS CALL NUMBER
Classification number BS2330.2
Item number .J64 1999
082 00 - DEWEY DECIMAL CLASSIFICATION NUMBER
Classification number 225.6/1
Edition number 21
100 1# - MAIN ENTRY--PERSONAL NAME
Personal name Johnson, Luke Timothy.
245 14 - TITLE STATEMENT
Title The writings of the New Testament :
Remainder of title an interpretation /
Statement of responsibility, etc Luke Timothy Johnson ; with the assistance of Todd C. Penner.
250 ## - EDITION STATEMENT
Edition statement Rev. ed.
260 ## - PUBLICATION, DISTRIBUTION, ETC. (IMPRINT)
Place of publication, distribution, etc Minneapolis :
Name of publisher, distributor, etc Fortress Press,
Date of publication, distribution, etc c1999.
300 ## - PHYSICAL DESCRIPTION
Extent xv, 694 p. :
Other physical details ill., map ;
Dimensions 24 cm.
504 ## - BIBLIOGRAPHY, ETC. NOTE
Bibliography, etc Includes bibliographical references and indexes.
630 00 - SUBJECT ADDED ENTRY--UNIFORM TITLE
Uniform title Bible.
Name of part/section of a work New Testament
Form subdivision Introductions.
700 1# - ADDED ENTRY--PERSONAL NAME
Personal name Penner, Todd C.
906 ## - LOCAL DATA ELEMENT F, LDF (RLIN)
a 7
b cbc
c orignew
d 1
e ocip
f 19
g y-gencatlg
942 ## - ADDED ENTRY ELEMENTS (KOHA)
Source of classification or shelving scheme Library of Congress Classification
Koha item type Book
Holdings
Withdrawn status Lost status Source of classification or shelving scheme Damaged status Not for loan Collection code Home library Current library Shelving location Date acquired Source of acquisition Cost, normal purchase price Total Checkouts Full call number Barcode Date last seen Date checked out Copy number Price effective from Koha item type Serial Enumeration / chronology
    Library of Congress Classification     Non-fiction Bishop Okullu Memorial Library (Limuru Campus) Bishop Okullu Memorial Library (Limuru Campus) General Circulation 30/07/2019 Donation - TBN 3000.00 6 BS2330.2 .J64 1999 062065 15/03/2025 27/02/2025 1 30/07/2019 Book  
    Library of Congress Classification   Not For Loan Non-fiction Bishop Okullu Memorial Library (Limuru Campus) Bishop Okullu Memorial Library (Limuru Campus) Processing Center 30/07/2019 Donation - TBN 3000.00   BS2330.2 .J64 1999 062066     1 30/07/2019 CD/DVD CD